Ιησούς : ο από Ναζαρέτ. Μασσωνισμός θεοσοφία ; Μυστηριακαί θρησκείαι και χριστιανισμός

Αποθηκεύτηκε σε:
Λεπτομέρειες βιβλιογραφικής εγγραφής
Κύριος συγγραφέας: Τρεμπέλας, Παναγιώτης Ν., 1886-1977
Μορφή: Βιβλίο
Γλώσσα:Greek
Δημοσίευση: Αθήναι : Αδελφότης Θεολόγων η "Ζωή", 1940
Έκδοση:2η έκδ.
Θέματα:
Ετικέτες: Προσθήκη ετικέτας
Δεν υπάρχουν, Καταχωρήστε ετικέτα πρώτοι!

MARC

LEADER 00000cam a2200000 i 4500
001 1/28410
008 060419s1940 gre d
035 |l 10083646 
040 |a GR-MY-UA  |b gre  |e aacr 
041 0 |a gre 
082 0 |a 232.901  |2 (22) 
100 1 |a Τρεμπέλας, Παναγιώτης Ν.,   |d 1886-1977. 
245 1 0 |a Ιησούς :  |b ο από Ναζαρέτ. Μασσωνισμός θεοσοφία ; Μυστηριακαί θρησκείαι και χριστιανισμός / Παν. Ν. Τρεμπέλα 
250 |a 2η έκδ. 
260 |a Αθήναι :   |b Αδελφότης Θεολόγων η "Ζωή",   |c 1940 
300 |a π. 1000 σ.;  |c 23 εκ. 
500 |a Με: Μασσωνισμός θεοσοφία / Παν. Ν. Τρεμπέλα. - Μυστηριακαί Θρησκείαι και χριστιανισμός/ Π. Ν. Τρεμπέλα 
600 0 7 |2 nlgaf  |a Ιησούς Χριστός. 
650 0 0 |a Masony  |x History  |z Greece. 
650 0 0 |a Mysteries, Religious. 
852 |a INST  |b RHODES  |c KRI  |e 20060419  |h  232.901 ΤΡΕ  |p 005400028450  |q 005400028450  |t BK  |y 4  |x 20190708 
901 |a BIBL4-2006-1 
909 |a Ρ  |b 122914 
970 |a ΚΟΖΑ  |b ΜΑΡΙΑ  |z 2006/04/19